Kluby podlaskie, Ekstraklasa, I, II, III liga - Statystyki

Ogólne statystyki
  • Ten quiz został rozwiązany 25 razy
  • Średni wynik to 3 z 5
Statystyki odpowiedzi
Liga Klub % Poprawnych
Ekstraklasa Jagiellonia Białystok
100%
III liga Wigry Suwałki
74%
III liga ŁKS Łomża
65%
III liga Jagiellonia Białystok II
39%
III liga KS Wasilków
26%
Nie znaleziono quizów pasujących do podanych kryteriów
Rozkład punktacji
Procent ludzi z każdym wynikiem
Percentyl według liczby udzielonych odpowiedzi
Twoja historia wyników
Nie rozwiązałeś tego quizu